[Event "Londrina op"]
[White "Carvalho Filho, Jose Roberto Gama"]
[Black "Costa, Tiago De Souza"]
[Site "Londrina"]
[Round "6"]
[Result "0-1"]
[Date "2024.11.10"]
[WhiteElo "1800"]
[BlackElo "1721"]
[PlyCount "74"]
[EventDate "2024.11.08"]
[EventType "swiss"]
[EventRounds "6"]
[EventCountry "BRA"]
[SourceTitle "CB45_2024"]
[Source "ChessBase"]
[SourceDate "2024.11.06"]
[SourceVersion "1"]
[SourceVersionDate "2024.11.06"]
[SourceQuality "1"]

1. e4 c5 2. Nc3 Nc6 3. f4 g6 4. Nf3 Bg7 5. Bb5 e6 6. d3 Nge7 7. Be3 d6 8. a3 0-0 9. Qd2 a6 10. Bc4 b6 11. Ba2 d5 12. Bf2 Bb7 13. 0-0-0 dxe4 14. Nxe4 Nf5 15. g4 Nfd4 16. Nxd4 Nxd4 17. Rde1 Bd5 18. Bxd5 Qxd5 19. Kb1 a5 20. h4 a4 21. h5 b5 22. hxg6 fxg6 23. Qe3 b4 24. axb4 cxb4 25. Ng5 a3 26. Rxh7 a2+ 27. Kc1 a1Q+ 28. Kd2 Qxe1+ 29. Kxe1 Ra1+ 30. Kd2 Nf3+ 31. Nxf3 Kxh7 32. Ng5+ Kg8 33. Bg1 Qg2+ 34. Bf2 Re8 35. Qb6 Bxb2 36. Ke3 Bc3 37. Ke2 Qxg4+ 0-1